|
|
|
|
| LEADER |
01195nam a2200241 a 4500 |
| 001 |
0017006 |
| 003 |
BD-DhAAL |
| 008 |
090827r20072005ii a 000 0 eng d |
| 020 |
|
|
|a 9788175965096
|
| 040 |
|
|
|a BD-DhAAL
|c BD-DhAAL
|
| 082 |
0 |
0 |
|a 428.34
|2 22
|
| 100 |
1 |
|
|a Nair, P. Bhaskaran.
|9 58411
|
| 245 |
1 |
0 |
|a Contemplations II :
|b an anthology of prose, poetri, drama and fiction /
|c P. Bhaskaran Nair, Geetha Rajeevan.
|
| 260 |
|
|
|a New Delhi :
|b Foudation Books,
|c c2005 [reprinted 2007].
|
| 300 |
|
|
|a vii, 124 p. :
|b ill. ;
|c 24 cm
|
| 526 |
|
|
|a CFL, BRACU
|x Beth Trudell
English Language Fellow, BRAC Institute of Languages (BIL)
|
| 541 |
1 |
|
|e 00017006
|a First English Education Institutes Limited
|
| 650 |
|
0 |
|a English language
|x Spoken English
|x Study and teaching.
|
| 700 |
1 |
|
|a Rajeevan, Geetha.
|9 729
|
| 852 |
4 |
|
|a Ayesha Abed Library
|c General Stacks
|
| 942 |
|
|
|2 ddc
|c BK
|
| 999 |
|
|
|c 3538
|d 3538
|
| 952 |
|
|
|0 0
|1 0
|2 ddc
|4 0
|6 428_340000000000000_PIL_2007
|7 0
|9 3211
|a BRACUL
|b BRACUL
|c GEN
|d 2009-09-02
|e First English Education Institutes Limited
|g 99.00
|l 0
|o 428.34 PIL
|p 3010017006
|r 2009-09-02
|t 1
|w 2009-09-02
|y BK
|x Requisitioned by Beth Trudell, English Language Fellow, BRAC Institute of Languages (BIL) ; Rs 69.00
|